Cithara Sanctorum ... Pisné Duchownj, Staré i nowé ...

Podrobná bibliografia
Médium: Kniha
Jazyk:slovenčina
Vydavateľské údaje: Pešť Trattner 1861
Predmet:

MARC

LEADER 00000cam a2200000 a 4500
001 vtls001320650
003 SK-MaSNL
005 20260301200215.0
008 180810s1861 hu 0 slo
035 |a SNK000273282 
040 |a SNK  |b slo  |c SNK  |e AACR2 
041 0 |a slo 
044 |a hu  |c HU 
072 7 |a 783  |x Cirkevná hudba. Duchovná hudba. Náboženská hudba  |2 konspekt 
080 |a 783.6  |2 2011 
080 |a (0:82-192)  |2 2011 
130 0 |a Cithara  |9 466227 
245 1 |a Cithara Sanctorum ... Pisné Duchownj, Staré i nowé ... 
260 |a Pešť  |b Trattner  |c 1861 
650 0 7 |a duchovné piesne  |2 SNKPH  |9 1928 
655 7 |a spevníky  |2 SNKPH  |9 70506 
752 |a Maďarsko  |d Budapešť 
852 |a snk  |p SD 37612 
958 |a ONDV 
958 |a DD 
999 |c 889459  |d 891389 
952 |a SNK  |b SNK  |y PREZ  |7 0  |p 17A0655160  |o snkSD 37612   |i snkK 2482/70  |8 3  |0 0  |1 0  |4 0  |d 2010-06-01  |l 0  |r 2026-02-24 06:40:21  |w 2026-02-24 
952 |t P60, <05>, [BOOK], {605}  |a SNK  |b SNK  |y PREZ  |7 0  |p 17A0123536  |o snkSD 37612 D2  |0 0  |1 0  |4 0  |d 1998-02-12  |l 0  |r 2005-01-02 00:00:00  |w 2026-02-24